Loading...
| Fine Arts - Auditory | 3 | 16.67 | 1,500% | 100% | 367% |
| Fine Arts - Other | 4 | 17.50 | 1,800% | 150% | 575% |
| Fine Arts - Visual | 5 | 14.00 | 500% | 320% | 280% |
| History - American | 5 | 18.00 | 1,940% | 340% | 340% |
| History - European | 6 | 18.33 | 1,433% | 350% | 367% |
| History - Other | 5 | 16.00 | 1,220% | 300% | 280% |
| History - World | 3 | 10.00 | 2,033% | 200% | 0% |
| Literature - American | 3 | 16.67 | 2,033% | 367% | 200% |
| Literature - British | 2 | 20.00 | 3,600% | 0% | 600% |
| Literature - European | 3 | 10.00 | 1,200% | 367% | 0% |
| Literature - World | 3 | 20.00 | 2,033% | 200% | 567% |
| Mythology | 3 | 23.33 | 2,033% | 367% | 567% |
| Other Academic | 1 | 20.00 | 3,600% | 0% | 600% |
| Philosophy | 2 | 15.00 | 0% | 600% | 300% |
| Pop Culture | 1 | 10.00 | 0% | 600% | 0% |
| Religion | 4 | 17.50 | 2,425% | 150% | 425% |
| Science - Biology | 2 | 20.00 | 1,250% | 250% | 500% |
| Science - Chemistry | 4 | 15.00 | 1,525% | 350% | 125% |
| Science - Other | 6 | 21.67 | 2,033% | 467% | 350% |
| Science - Physics | 5 | 16.00 | 1,220% | 340% | 320% |
| Social Science | 3 | 13.33 | 0% | 567% | 200% |